|
|
|
|
| LEADER |
00000cam a2200000 7i4500 |
| 001 |
0000073621 |
| 005 |
20111012093000.0 |
| 008 |
110615s2007 mau eng |
| 020 |
|
|
|a 0618654216 (student text)
|
| 020 |
|
|
|a 0618731628 (instructor?s exam copy)
|
| 020 |
|
|
|a 9780618654215 (student text)
|
| 020 |
|
|
|a 9780618731626 (instructor?s exam copy)
|
| 050 |
0 |
0 |
|a QA37.3
|b .H37 2007
|
| 090 |
0 |
0 |
|a QA37.3
|b .H37 2007
|
| 100 |
1 |
|
|a Harshbarger, Ronald J. ,
|d 1938- ,
|e author
|
| 245 |
1 |
0 |
|a Mathematical applications for the management, life and social sciences
|c Ron Harshbarger, Jim Reynolds
|
| 250 |
|
|
|a 8th ed
|
| 260 |
|
|
|a Boston, Massachusetts :
|b Houghton Mifflin ,
|c c2007
|
| 300 |
|
|
|a xvii, 1000 p. :
|b ill. (some col.) ;
|c 28 cm.
|
| 500 |
|
|
|a Includes indexes
|
| 505 |
0 |
|
|a 1. Algebraic concepts -- 2. Linear equations and functions -- 3. Quadratic and other special functions -- 4. Matrices -- 5. Inequalities and linear programming -- 6. Exponential and logarithmic functions -- 7. Mathematics of finance -- 8. Introduction to probability -- 9. Further topics in probability; data description -- 10. Derivatives -- 11. Application of derivatives -- 12. Derivatives continued -- 13. Indefinite integrals -- 14. Definite integrate: techniques of integration -- 15. Functions of two or more variables
|
| 520 |
|
|
|a Intended for a two-term applied calculus or finite mathematics and applied calculus course, this book presents concepts and skills for students of varying abilities and interests. It covers topics that are important to students in the fields of management, life, and social sciences, and includes many environmental science applications
|
| 650 |
|
0 |
|a Business mathematics
|v Textbooks
|
| 650 |
|
0 |
|a Mathematics
|v Textbooks
|
| 700 |
1 |
|
|a Reynolds, James J. ,
|e author
|
| 999 |
|
|
|a 1000140515
|b Book
|c OPEN SHELF (30 DAYS)
|e Tembila Campus
|